[Event "75th ch-GER"]
[Site "Hoeckendorf GER"]
[Date "2004.02.05"]
[Round "7"]
[White "Naiditsch,A"]
[Black "Mainka,R"]
[Result "1-0"]
[WhiteElo "2576"]
[BlackElo "2456"]

1.e4 e5 2.Nf3 Nc6 3.Bb5 a6 4.Ba4 Nf6 5.O-O b5 6.Bb3 Bb7 7.d3 Bc5 8.a4 O-O
9.Nc3 b4 10.Nd5 Na5 11.Bg5 Be7 12.Nxe7+ Qxe7 13.Ba2 h6 14.Bd2 d5 15.Nh4 Qc5
16.Nf5 Bc8 17.Qf3 Bxf5 18.Qxf5 Nc6 19.Bxh6 Nd4 20.Qg5 Ne6 21.Qg3 Rfe8 22.exd5 Nxd5
23.Rae1  1-0

[Event "AS04 Centenary"]
[Site "Copenhagen DEN"]
[Date "2004.02.12"]
[Round "6"]
[White "De Firmian,N"]
[Black "Hector,J"]
[Result "1-0"]
[WhiteElo "2523"]
[BlackElo "2518"]

1.e4 e5 2.Nf3 Nc6 3.Bb5 a6 4.Ba4 Nf6 5.O-O b5 6.Bb3 Bb7 7.d3 Bc5 8.a4 O-O
9.Nc3 Na5 10.axb5 Nxb3 11.cxb3 axb5 12.Rxa8 Bxa8 13.Nxe5 d5 14.d4 Be7 15.exd5 b4
16.Na4 Qxd5 17.f3 Rd8 18.Be3 Bd6 19.Qc2 Bxe5 20.dxe5 Qxe5 21.Re1 Nd5 22.Bf2 Qd6
23.Bg3 Qg6 24.Qd2 h5 25.Nc5 Qc6 26.Qd4 Re8 27.Rxe8+ Qxe8 28.h3 Qe2 29.Bf2 Bc6
30.Ne4 Qc2 31.Ng3 h4 32.Nh5 Qc1+ 33.Kh2 Qg5 34.Qxh4 Qxh4 35.Bxh4 Bb5 36.Ng3 g6
37.Ne4 f5 38.Nd2 Kf7 39.Bf2 Nf4 40.Bg3 Nd5 41.Be5 Ke6 42.Bh8 Ne3 43.g4 fxg4
44.fxg4 Nf1+ 45.Nxf1 Bxf1 46.Bg7 Bd3 47.Bf8 Bc2 48.Bxb4 Bxb3 49.Kg3 g5 50.Ba5 Kf6
51.Bxc7 Kg6 52.Bd8 Kh6 53.Kf3 Kg6 54.Ke3 Kh6 55.Kd4 Kg6 56.Ke5 Bc4 57.b4 Be2
58.Be7 Bb5 59.h4 gxh4 60.Bxh4 Be2 61.Kf4  1-0

[Event "5th Montenegro Open"]
[Site "Sozina SCG"]
[Date "2004.02.19"]
[Round "2"]
[White "Lupulescu,C"]
[Black "Sofronie,I"]
[Result "1/2-1/2"]
[WhiteElo "2543"]
[BlackElo "2416"]

1.e4 e5 2.Nf3 Nc6 3.Bb5 a6 4.Ba4 Nf6 5.O-O b5 6.Bb3 Bb7 7.d3 Bc5 8.Nc3 d6
9.a4 b4 10.Nd5 Na5 11.Nxf6+ Qxf6 12.Ba2 Bc8 13.Bg5 Qg6 14.Be3 Bxe3 15.fxe3 O-O
16.Qe1 Rb8 17.Nh4 Qh6 18.Nf5 Bxf5 19.Rxf5 b3 20.Qxa5  1/2-1/2

[Event "Premier"]
[Site "Portsmouth ENG"]
[Date "2004.02.22"]
[Round "6"]
[White "Radovanovic,J"]
[Black "Webb,Ri"]
[Result "1/2-1/2"]
[WhiteElo "2217"]
[BlackElo "2348"]

1.e4 e5 2.Nf3 Nc6 3.Bb5 a6 4.Ba4 Nf6 5.O-O b5 6.Bb3 Bb7 7.Re1 Bc5 8.c3 d6
9.d4 Bb6 10.a4 Qe7 11.axb5 axb5 12.Rxa8+ Bxa8 13.Na3 Na7 14.Bg5 h6 15.Bh4 O-O
16.Qd3 Bc6 17.Nc2 Bd7 18.dxe5 dxe5 19.Bxf6 gxf6 20.Ne3 Be6 21.Nd5 Bxd5 22.Bxd5 c6
23.Bb3 Nc8 24.Nh4 f5 25.Nxf5 Qf6 26.Rd1 Rd8 27.Qg3+ Kf8 28.Rxd8+ Bxd8 29.Qh3 Nd6
30.Qxh6+ Qxh6 31.Nxh6 Bg5 32.Ng4 Bc1 33.Nxe5 Bxb2 34.Nxc6 Nxe4 35.Ne5 Bxc3
36.Nxf7 Bd4 37.Nd8 Bxf2+ 38.Kf1 Bb6 39.Ne6+ Ke7 40.Ke2 Nc5 41.Nxc5 Bxc5 42.Kf3 Kf6
43.Kg4 Be3 44.Kh5 Bf4 45.h4 b4 46.g4 Be3 47.g5+ Kg7 48.Kg4 Bd2 49.Bc2 Bc1
50.Kf5 Bd2 51.Ke6 b3 52.Bb1 b2 53.Ke5 Bc1 54.Kd4 Bf4 55.Kc3 Bg3  1/2-1/2

[Event "Aeroflot Open"]
[Site "Moscow RUS"]
[Date "2004.02.23"]
[Round "7"]
[White "Stefansson,H"]
[Black "Khalifman,A"]
[Result "1/2-1/2"]
[WhiteElo "2572"]
[BlackElo "2674"]

1.e4 e5 2.Nf3 Nc6 3.Bb5 a6 4.Ba4 Nf6 5.O-O b5 6.Bb3 Bb7 7.Re1 Bc5 8.c3 d6
9.d4 Bb6 10.Be3 O-O 11.Nbd2 h6 12.h3 Re8 13.Qb1 Nb8 14.Bc2 Nbd7 15.b4 d5
16.dxe5 Bxe3 17.Rxe3 Nxe5 18.Nxe5 dxe4 19.Nec4 bxc4 20.Nxc4 Nd5 21.Rg3 e3
22.Qe1 e2 23.Na5 Rb8 24.Nxb7 Rxb7 25.Qd2 Nf4 26.Re3 Rb8 27.Rxe8+ Qxe8 28.Re1 g5
29.g3 Rd8 30.Qe3 Qxe3 31.fxe3 Nd5 32.Rxe2 Nxc3 33.Rf2 Nxa2 34.Bb3 Nxb4 35.Rxf7 Kh8
36.Bc4 c5 37.Rc7 Nd5  1/2-1/2

[Event "Aeroflot Open"]
[Site "Moscow RUS"]
[Date "2004.02.24"]
[Round "8"]
[White "Efimenko,Z"]
[Black "Kaidanov,G"]
[Result "1-0"]
[WhiteElo "2537"]
[BlackElo "2623"]

1.e4 e5 2.Nf3 Nc6 3.Bb5 a6 4.Ba4 Nf6 5.O-O b5 6.Bb3 Bb7 7.c3 Nxe4 8.d4 Na5
9.Bc2 exd4 10.Nxd4 c5 11.Nf5 d5 12.Nd2 Qf6 13.Nxe4 dxe4 14.Ng3 Be7 15.Nxe4 Qc6
16.Qh5 Qg6 17.Qe2 Qc6 18.Qh5 Qg6 19.Qxg6 hxg6 20.Be3 Rc8 21.b3 f5 22.Ng5 O-O
23.h4 Bf6 24.Rac1 Rfe8 25.c4 Bxg5 26.hxg5 bxc4 27.bxc4 Be4 28.Ba4 Bc6 29.Bxc6 Nxc6
30.Rfd1 f4 31.Bxc5 Ne5 32.Bd6 Rxc4 33.Rxc4 Nxc4 34.Bxf4 Re2 35.Rd4 Rc2 36.a4 Kf7
37.Rd7+ Kg8 38.Ra7 a5 39.Rc7 Kf8 40.Be5 Ke8 41.Bxg7 Kd8 42.Be5 Rc1+ 43.Kh2 Rc2
44.f4  1-0

[Event "II GM-Tage"]
[Site "Pulvermuehle GER"]
[Date "2004.02.25"]
[Round "8"]
[White "Naiditsch,A"]
[Black "Hector,J"]
[Result "1/2-1/2"]
[WhiteElo "2576"]
[BlackElo "2518"]

1.e4 e5 2.Nf3 Nc6 3.Bb5 a6 4.Ba4 Nf6 5.O-O b5 6.Bb3 Bb7 7.d3 Bc5 8.a4 O-O
9.Nc3 Na5 10.axb5 Nxb3 11.cxb3 axb5 12.Rxa8 Bxa8 13.Nxe5 d5 14.d4 Be7 15.exd5 b4
16.Ne2 Nxd5 17.Ng3 f6 18.Nc4 f5 19.Ne5 Bd6 20.Qd3 f4 21.Ne4 Bxe5 22.dxe5 Nc3
23.Nc5 Qxd3 24.Nxd3 Ne2+ 25.Kh1 g5 26.Re1 f3 27.g3 Rd8 28.Nxb4 Nxc1 29.Rxc1 Rd2
30.Kg1 Be4 31.h3 Kf7 32.Na6 c6 33.Nb4 Ke6 34.Nxc6 h5 35.b4 Bxc6 36.Rxc6+ Kxe5
37.g4 h4 38.Rc3  1/2-1/2

[Event "II GM-Tage"]
[Site "Pulvermuehle GER"]
[Date "2004.02.27"]
[Round "10"]
[White "Stellwagen,D"]
[Black "Hector,J"]
[Result "1-0"]
[WhiteElo "2489"]
[BlackElo "2518"]

1.e4 e5 2.Nf3 Nc6 3.Bb5 a6 4.Ba4 Nf6 5.O-O b5 6.Bb3 Bb7 7.d3 Bc5 8.Nc3 O-O
9.a4 Na5 10.Bd5 Nxd5 11.Nxd5 Nc6 12.Be3 d6 13.Bxc5 dxc5 14.axb5 axb5 15.Rxa8 Bxa8
16.Ne3 f6 17.Nd2 Nd4 18.f4 exf4 19.Rxf4 Ne6 20.Rf2 Bc6 21.Qg4 Bd7 22.Nf5 g6
23.Qg3 Kh8 24.Ne3 Bc6 25.Nf3 c4 26.Nh4 cxd3 27.Nxg6+ hxg6 28.Qh3+ Kg7 29.Qxe6 Bd7
30.Qd5 dxc2 31.Rxc2 c6 32.Qd6 Qe8 33.Nf1 Rf7 34.Ng3 Qe5 35.Qxe5 fxe5 36.Nf1 Rf4
37.Nd2 Kf7 38.g3 Rf6 39.Kg2 Ke6 40.Nb3 Ke7 41.Nc5 Bg4 42.h3 Bf3+ 43.Kg1 Rd6
44.Kf2 Bd1 45.Rc1 g5 46.Ke3 Bh5 47.Nd3 Re6 48.Rf1 Bg6 49.Ra1 Kf6 50.Rf1+ Ke7
51.h4 gxh4 52.gxh4 Kd6 53.b4 Ke7 54.Rf2 Bh7 55.h5 Ke8 56.Rf1 Ke7 57.Ra1 Kf7
58.Ra7+ Kg8 59.Nf2 Rf6 60.Ng4 Rf1 61.Nh6+ Kh8 62.Nf7+ Kg7 63.Ng5+ Kh6 64.Nxh7 Kxh5
65.Ra8 Rb1 66.Rg8 Rb3+ 67.Kf2 Rb2+ 68.Kf3 Rb3+ 69.Kg2 Rxb4 70.Nf6+ Kh6 71.Kf3 Rb1
72.Ng4+ Kh7 73.Rc8 Rc1 74.Rc7+ Kg8 75.Nf6+ Kf8 76.Kg4 Rf1 77.Kg5 b4 78.Kg6 Rg1+
79.Kf5 Rg7 80.Rxc6 Rb7 81.Rc2 b3 82.Rb2 Ke7 83.Kxe5 Rb5+ 84.Nd5+ Kd7 85.Kd4 Kd6
86.Ne3 Rb8 87.Nc4+ Ke6 88.Nd2 Rb4+ 89.Ke3 Rb8 90.Rxb3 Rh8 91.Rb6+ Kd7 92.Nc4 Rc8
93.Kd4 Rh8 94.Kd5 Rh1 95.Rb7+ Kc8 96.Rg7 Kd8 97.e5 Ke8 98.Kd6 Kf8 99.Ra7 Rd1+
100.Ke6 Rc1 101.Ra8+ Kg7 102.Nd6 Re1 103.Nf5+ Kg6 104.Rg8+ Kh7 105.Rg2 Re4
106.Kf6 Re1 107.e6 Kh8 108.Kf7 Rh1 109.e7 Rh7+ 110.Kf6 Rf7+ 111.Kxf7  1-0

[Event "SFch-NED"]
[Site "Leeuwarden NED"]
[Date "2004.02.28"]
[Round "1.1"]
[White "Jonkman,H"]
[Black "Van de Oudeweetering,A"]
[Result "0-1"]
[WhiteElo "2421"]
[BlackElo "2395"]

1.e4 e5 2.Nf3 Nc6 3.Bb5 a6 4.Ba4 Nf6 5.O-O b5 6.Bb3 Bb7 7.d3 Be7 8.Nc3 O-O
9.Re1 d6 10.a3 Qd7 11.h3 Rae8 12.Bd2 Bd8 13.Ba2 Ne7 14.b4 Ng6 15.a4 c5 16.axb5 axb5
17.Qb1 Bc6 18.Qb2 cxb4 19.Qxb4 Bb6 20.Be3 Rb8 21.Bb3 Bxe3 22.Rxe3 Nf4 23.d4 Qc7
24.Rd1 Rfc8 25.dxe5 dxe5 26.Nd5 Bxd5 27.exd5 e4 28.Ng5 Qe5 29.Rxe4 Nxe4 30.Nxe4 Rc4
31.Nf6+ gxf6 32.Bxc4 Qe4 33.f3 Qxc4 34.Qxc4 bxc4 35.Kf2 Rd8 36.d6 Ne6 37.g4 Kf8
38.Ke3 Ke8 39.Rd5 Kd7 40.Kd2 Rc8 41.Kc3 Rc5 42.Rd1 Rc6 43.Rd5 Rxd6 44.Rh5 Rd4
45.Rxh7 Ke7 46.Rh5 Rf4 47.Rf5 Rxf5 48.gxf5 Ng5 49.Kxc4 Nxh3 50.Kd5 Kd7 51.c4 Ng5
52.f4 Nh3 53.Ke4 Kd6 54.Kf3 Kc5 55.Kg3 Ng1 56.Kf2 Kxc4 57.Kxg1 Kd4 58.Kf2 Ke4
59.Kg3 Ke3 60.Kg4 Kf2  0-1

[Event "SFch-NED"]
[Site "Leeuwarden NED"]
[Date "2004.02.29"]
[Round "1.4"]
[White "Jonkman,H"]
[Black "Van de Oudeweetering,A"]
[Result "0-1"]
[WhiteElo "2421"]
[BlackElo "2395"]

1.e4 e5 2.Nf3 Nc6 3.Bb5 a6 4.Ba4 Nf6 5.O-O b5 6.Bb3 Bb7 7.d3 Be7 8.Nc3 O-O
9.Re1 d6 10.a3 Qd7 11.h3 Rae8 12.Bd2 Bd8 13.a4 Ne7 14.Ne2 Ng6 15.Ng3 c5 16.Nh2 d5
17.Ng4 c4 18.Ba2 Nxg4 19.hxg4 Be7 20.Nf5 Bc5 21.Qe2 dxe4 22.dxe4 Nf4 23.Bxf4 exf4
24.Qf3 Qd2 25.Re2 Qb4 26.c3 Qxa4 27.Qxf4 Re6 28.Qg5 Rg6 29.Ne7+ Bxe7 30.Qxe7 Bc6
31.f3 Re6 32.Qc7 Ba8 33.Qc5 Ree8 34.Qa3 Qxa3 35.bxa3 Rd8 36.a4 Rd3 37.Rc1 Rfd8
38.Kf2 Bc6 39.axb5 axb5 40.Bb1 Rd1 41.Rxd1 Rxd1 42.Bc2 Rd8 43.Ke3 Kf8 44.g5 Ke7
45.g3 h6 46.gxh6 gxh6 47.Rh2 Rd6 48.e5 Re6 49.f4 Bd7  0-1

[Event "70th ch-BLR"]
[Site "Minsk BLR"]
[Date "2004.03.07"]
[Round "4"]
[White "Novitzkij,D"]
[Black "Kolesnik,E"]
[Result "0-1"]
[WhiteElo "2408"]
[BlackElo "2406"]

1.e4 e5 2.Nf3 Nc6 3.Bb5 a6 4.Ba4 b5 5.Bb3 Bb7 6.O-O Nf6 7.c3 Nxe4 8.Re1 Nc5
9.Nxe5 Nxe5 10.Rxe5+ Ne6 11.d4 Bd6 12.Re1 Qh4 13.g3 Qh3 14.d5 h5 15.Nd2 h4
16.Nf1 hxg3 17.fxg3 O-O-O 18.Bc2 Bxg3 19.hxg3 Qh1+ 20.Kf2 Bxd5 21.Re5 Qg2+
22.Ke3 Bc4 23.Bd3 Rh1 24.Bxc4 bxc4 25.Qa4 Nc5 26.Qxc4 Rxf1 27.Qxc5 d6 28.Qa5 Qxg3+
29.Kd4 dxe5+ 30.Kc5 Qd3 31.c4 Qd6+  0-1

[Event "70th ch-BLR"]
[Site "Minsk BLR"]
[Date "2004.03.11"]
[Round "8"]
[White "Maljush,A"]
[Black "Azarov,S"]
[Result "1-0"]
[WhiteElo "2344"]
[BlackElo "2551"]

1.e4 e5 2.Nf3 Nc6 3.Bb5 a6 4.Ba4 Nf6 5.O-O b5 6.Bb3 Bb7 7.Re1 Be7 8.d4 d6
9.c3 O-O 10.Nbd2 h6 11.Nf1 Re8 12.Ng3 Bf8 13.a4 Qd7 14.h3 Rad8 15.d5 Ne7
16.axb5 axb5 17.Nh4 g6 18.Qf3 Nh7 19.Ra7 Rb8 20.Qe2 Bg7 21.Be3 Nf8 22.Qd2 Kh7
23.Bc2 c6 24.f4 cxd5 25.f5 d4 26.cxd4 exd4 27.Bf2 Nc6 28.Raa1 Rbc8 29.Bb1 d5
30.Nh5 Be5 31.fxg6+ fxg6 32.Nf3 Bh8 33.Qf4 Ne6 34.Qg3 dxe4 35.Bxe4 Qf7 36.Nh4 Nf8
37.Nf4 Rxe4 38.Rxe4 g5 39.Rae1 gxh4 40.Qg4 Bg7 41.Bxh4 Ng6 42.Nxg6 Qxg6 43.Qd7 Ne5
44.Qxb7 Nf3+ 45.Kh1 Nxe1 46.Rxe1 Rc2 47.Qd5 Rxb2 48.Re6 Rb1+ 49.Kh2 Qd3 50.Re8 Rf1
51.Qg8+ Kg6 52.Re6+ Kh5 53.Qxg7  1-0

[Event "TCh-SWE 2003-4"]
[Site "Goteborg SWE"]
[Date "2004.03.13"]
[Round "10"]
[White "Carlsson,P"]
[Black "Jepson,C"]
[Result "1-0"]
[WhiteElo "2360"]
[BlackElo "2383"]

1.e4 e5 2.Nf3 Nc6 3.Bb5 a6 4.Ba4 Nf6 5.O-O b5 6.Bb3 Bb7 7.Re1 Bc5 8.c3 d6
9.d4 Bb6 10.Bg5 h6 11.Bh4 Qe7 12.a4 g5 13.Bg3 h5 14.axb5 axb5 15.Rxa8+ Bxa8
16.dxe5 dxe5 17.h4 g4 18.Nfd2 Na5 19.Na3 O-O 20.Bc2 c6 21.Qc1 Ne8 22.Nf1 Ng7
23.Qh6 b4 24.cxb4 Qxb4 25.Bxe5 Bxf2+ 26.Kh1 f6 27.Bc3 Qb8 28.Rd1 Bxh4 29.e5 f5
30.e6  1-0

[Event "TCh-SWE 2003-4"]
[Site "Goteborg SWE"]
[Date "2004.03.14"]
[Round "11"]
[White "Schutz,I"]
[Black "Furhoff,J"]
[Result "0-1"]
[WhiteElo "2214"]
[BlackElo "2338"]

1.e4 e5 2.Nf3 Nc6 3.Bb5 a6 4.Ba4 Nf6 5.O-O b5 6.Bb3 Bb7 7.d3 Be7 8.Re1 d6
9.c3 O-O 10.Nbd2 Na5 11.Bc2 c5 12.Nf1 Re8 13.Ng3 g6 14.Bh6 Ng4 15.Bd2 Bf8
16.b4 cxb4 17.cxb4 Nc6 18.Bb3 Nf6 19.Ng5 d5 20.exd5 Nd4 21.d6 Nxb3 22.Qxb3 Bd5
23.Qb2 Qxd6 24.Bc3 Nd7 25.N3e4 Qc6 26.Rac1 Qb7 27.Nf3 f6 28.a3 Re6 29.Nfd2 Bh6
30.f3 f5 31.Nc5 Nxc5 32.bxc5 Rae8 33.Rc2 Qe7 34.Bb4 Bc6 35.Qb3 Qh4 36.Nf1 Qd4+
37.Kh1 Bd5 38.Qc3 Kf7 39.Rce2 Qxc3 40.Bxc3 e4 41.fxe4 fxe4 42.Rf2+ Kg8 43.dxe4 Rxe4
44.Rd1 Ba8 45.Rd7 Rc4 46.Bd4 Bc6 47.Rd6 Be4 48.h3 Rf8 49.Ng3 Rc1+ 50.Kh2 Rxf2
51.Bxf2 Bf4 52.Rxa6 Rc2 53.Re6 Bf5 54.Re8+ Kf7 55.Rh8 Rxf2 56.Rxh7+ Kf6 57.c6 Be4  0-1

[Event "SFch-NED"]
[Site "Leeuwarden NED"]
[Date "2004.03.14"]
[Round "2.2"]
[White "Van Blitterswijk,S"]
[Black "Solleveld,Maa"]
[Result "0-1"]
[WhiteElo "2403"]
[BlackElo "2484"]

1.e4 e5 2.Nf3 Nc6 3.Bb5 a6 4.Ba4 Nf6 5.O-O b5 6.Bb3 Bb7 7.c3 Nxe4 8.Re1 Nc5
9.Nxe5 Nxe5 10.Rxe5+ Ne6 11.d4 Bd6 12.Rh5 O-O 13.d5 Nf4 14.Rf5 Ng6 15.Bg5 f6
16.Be3 Ne5 17.Rh5 f5 18.Nd2 Qe8 19.Bd4 Nd3 20.Qf3 Nf4 21.Rg5 g6 22.Kf1 Qe7
23.h4 Rae8 24.Be3 Nd3 25.Qd1 Qf7 26.h5 Rxe3 27.fxe3 Qe7 28.Nf3 Qxe3 29.Qe2 Qxe2+
30.Kxe2 Nf4+ 31.Kf2 h6 32.Rxg6+ Nxg6 33.hxg6 Kg7 34.a4 Kxg6 35.axb5 axb5
36.Ra5 c6 37.Nd4 Bc5 38.Kf3 Bb6 39.Ra1 Bxd4 40.cxd4 cxd5 41.Re1 Rf6 42.Kf4 Re6
43.Re5 Rxe5 44.dxe5 d4 45.Bc2 Bxg2 46.Bxf5+ Kf7 47.Bxd7 b4 48.Bg4 d3  0-1

[Event "TCh-BEL 2003-4"]
[Site "Belgium BEL"]
[Date "2004.03.23"]
[Round "11"]
[White "Goloshchapov,A"]
[Black "Geenen,M"]
[Result "1-0"]
[WhiteElo "2572"]
[BlackElo "2316"]

1.e4 e5 2.Nf3 Nc6 3.Bb5 a6 4.Ba4 Nf6 5.O-O b5 6.Bb3 Bb7 7.d3 Be7 8.Nc3 O-O
9.Bd2 d6 10.Nd5 Nb8 11.Nxe7+ Qxe7 12.Nh4 Bc8 13.f4 Nxe4 14.dxe4 Qxh4 15.fxe5 Qxe4
16.Rf4 Qg6 17.Qf3 Ra7 18.Be3 c5 19.exd6 Nd7 20.Rf1 Ne5 21.Qd5 Bb7 22.Qd2 Bc6
23.Rf5 Rd7 24.Bxc5 Re8 25.Rg5 Qh6 26.Qf4 Nc4 27.Bd4 f6 28.Bxf6 Re2 29.Bxc4+ bxc4
30.Qxc4+ Rf7 31.Qxe2 Rxf6 32.Rgf5 Rxf5 33.Rxf5 Qxd6  1-0

[Event "Bundesliga 2003-4"]
[Site "Baden Oos GER"]
[Date "2004.03.28"]
[Round "13"]
[White "Papa,S"]
[Black "Beliavsky,A"]
[Result "0-1"]
[WhiteElo "2399"]
[BlackElo "2667"]

1.e4 e5 2.Nf3 Nc6 3.Bb5 a6 4.Ba4 Nf6 5.O-O b5 6.Bb3 Bb7 7.d3 Be7 8.a4 d6
9.Bd2 O-O 10.Re1 Qd7 11.c4 b4 12.a5 Rab8 13.h3 Qc8 14.Be3 Nd7 15.Ba4 Nd8
16.Nbd2 Ne6 17.Bc2 c5 18.Nf1 f5 19.exf5 Rxf5 20.Ng3 Rxf3 21.gxf3 Qf8 22.Ne4 Qf5
23.Kh2 Nf4 24.Bxf4 Qxf4+ 25.Kg2 Nf8 26.Qd2 Qh4 27.Rh1 b3 28.Bd1 Ng6 29.Ra3 Rf8
30.Rxb3 Bc8 31.Kf1 Nf4 32.Qc1 Qh6 33.Qd2 Bxh3+ 34.Ke1 Ng2+ 35.Ke2 Qh5 36.d4 exd4
37.Bc2 d5 38.Ng3 Qe5+ 39.Kd1 Bg5 40.Qd3 g6 41.cxd5 Ne3+ 42.fxe3 Qxg3 43.Qe2 c4
44.Rxh3 Qxh3 45.Qxc4 Qh1+  0-1

[Event "Asian U16g"]
[Site "Tehran IRI"]
[Date "2004.04.04"]
[Round "2"]
[White "Saheli,N"]
[Black "Nadig,K"]
[Result "0-1"]
[WhiteElo "2120"]
[BlackElo "2160"]

1.e4 e5 2.Nf3 Nc6 3.Bb5 a6 4.Ba4 Nf6 5.O-O b5 6.Bb3 Bb7 7.c3 Nxe4 8.d4 Na5
9.Re1 Nxb3 10.Qxb3 Be7 11.Nxe5 O-O 12.c4 d6 13.Nf3 Qd7 14.Na3 Rab8 15.cxb5 Bf6
16.bxa6 Bxa6 17.Qc2 d5 18.Bf4 Rb4 19.Be5 Bxe5 20.Nxe5 Qd6 21.f3 Rxd4 22.fxe4 Qxe5
23.exd5 Qxd5 24.Rad1 Rd8 25.Rxd4 Qxd4+ 26.Kh1 c5 27.h3 h6 28.Rc1 Bb7 29.Nc4 Be4
30.Qe2 Bb7 31.Na5 Ba8 32.Nb3 Qh4 33.Kg1 Bc6 34.Rxc5 Qf6 35.Qc2 Rd6 36.Rc4 Re6
37.Qf2 Qe7 38.Nd4 Re1+ 39.Kh2 Bd7 40.Qg3 Re3 41.Qb8+ Kh7 42.Qf4 Re4 43.Qc7 Qh4
44.Qd6 Bxh3 45.g3 Qh5 46.Rc5 Bf5+ 47.Kg1 Qd1+  0-1

[Event "5th IECC"]
[Site "Antalya TUR"]
[Date "2004.05.21"]
[Round "6"]
[White "Parligras,M"]
[Black "Neubauer,M"]
[Result "1-0"]
[WhiteElo "2549"]
[BlackElo "2418"]

1.e4 e5 2.Nf3 Nc6 3.Bb5 a6 4.Ba4 Nf6 5.O-O b5 6.Bb3 Bb7 7.c3 Nxe4 8.d4 Na5
9.Bc2 exd4 10.Nxd4 c5 11.Nf5 d5 12.Nd2 g6 13.Ng3 Nxg3 14.fxg3 Bg7 15.Re1+ Kf8
16.Nf3 Nc4 17.Qe2 Kg8 18.a4 h6 19.Qe7 Qxe7 20.Rxe7 Bc8 21.axb5 Bf8 22.Re8 Nd6
23.Rd8 Nxb5 24.Ba4 Na7 25.Bd7 Kg7 26.Rxa6 Bxa6 27.Rxa8 Bb5 28.Rxa7  1-0

[Event "2nd Leonine GM"]
[Site "Dhaka BAN"]
[Date "2004.05.21"]
[Round "4"]
[White "Hossain,Enam"]
[Black "Sharma,D"]
[Result "1/2-1/2"]
[WhiteElo "2436"]
[BlackElo "2369"]

1.e4 e5 2.Nf3 Nc6 3.Bb5 a6 4.Ba4 Nf6 5.O-O b5 6.Bb3 Bb7 7.d3 Bc5 8.a4 O-O
9.Nc3 b4 10.Nd5 h6 11.a5 d6 12.Be3 Nd4 13.Bxd4 exd4 14.Nxf6+ Qxf6 15.Nd2 Ba7
16.f4 c5 17.Qh5 Kh7 18.Bd5 Qe7 19.Bxb7 Qxb7 20.b3 d5 21.exd5 Rad8 22.Rae1 Rxd5
23.f5 Bb8 24.Ne4 Qc7 25.Ra1 f6 26.g3 Kg8 27.Nd2 Qf7 28.Qf3 Kh7 29.Nc4 Rdd8
30.Rae1 Rfe8 31.Qc6 Qh5 32.Re6 Rxe6 33.fxe6 Re8 34.Nd2 Re7 35.Ne4 Qe5 36.Qxc5 Rxe6
37.Qxb4 f5 38.Nf2 Bc7 39.Qc4 Bxa5 40.b4 Bd8 41.Ra1 Bg5 42.Kg2 Qe2 43.Qd5 Rf6
44.Qf3 Qxc2 45.Ra5 Qc8 46.Rc5 Qe6 47.b5 axb5 48.Rxb5 Be3 49.Qd5 Bxf2 50.Qxe6 Rxe6
51.Kxf2 Re3 52.Rxf5 Rxd3 53.h4 g6 54.Rf7+ Kg8 55.Rd7 h5 56.Ra7 Re3 57.Rd7 Re4
58.Kf3 Rg4 59.Re7 Kf8 60.Re4 Rxe4 61.Kxe4 Ke7 62.Kxd4 Kd6 63.Ke4 Ke6 64.Kf4 Kf6
65.g4 hxg4 66.Kxg4 Kg7 67.Kg5 Kh7 68.h5 gxh5 69.Kxh5  1/2-1/2

[Event "5th IECC"]
[Site "Antalya TUR"]
[Date "2004.05.23"]
[Round "8"]
[White "Ersahin,B"]
[Black "Karadeniz,E"]
[Result "0-1"]
[WhiteElo "2070"]
[BlackElo "2310"]

1.e4 e5 2.Nf3 Nc6 3.Bb5 a6 4.Ba4 Nf6 5.O-O b5 6.Bb3 Bb7 7.d3 Be7 8.a4 d6
9.Bd2 b4 10.a5 O-O 11.Bg5 Nd7 12.Be3 Kh8 13.Nbd2 Rb8 14.Qe2 Bf6 15.c3 bxc3
16.bxc3 Ne7 17.Rfb1 Ng6 18.Bc4 Qc8 19.Ra2 c5 20.Rab2 h6 21.h4 Bd8 22.Ng5 hxg5
23.Qh5+ Kg8 24.Nf3 d5 25.exd5 gxh4 26.d6 Bxf3 27.Rxb8 Nxb8 28.Qxf3 Bxa5 29.Rb7 Nd7
30.Bg5 e4 31.Qxe4 Nge5 32.Bd5 Bd8 33.Be7 Re8 34.d4 cxd4 35.cxd4 Rxe7 36.dxe7 Qc1+
37.Kh2 Nf6 38.Qb1 Neg4+ 39.Kh3 Nxf2+ 40.Kxh4 g5+  0-1

[Event "5th IECC"]
[Site "Antalya TUR"]
[Date "2004.05.28"]
[Round "12"]
[White "Esen,B"]
[Black "Thorfinnsson,Bj"]
[Result "0-1"]
[WhiteElo "2262"]
[BlackElo "2345"]

1.e4 e5 2.Nf3 Nc6 3.Bb5 a6 4.Ba4 Nf6 5.O-O b5 6.Bb3 Bb7 7.Re1 Bc5 8.c3 d6
9.a4 h6 10.d4 Bb6 11.dxe5 Nxe5 12.Nxe5 dxe5 13.Qf3 Qd7 14.h3 O-O-O 15.Bc2 Qe6
16.Be3 g5 17.Na3 Rdg8 18.Bxb6 Qxb6 19.axb5 axb5 20.Nxb5 g4 21.hxg4 Rxg4 22.Na3 Rhg8
23.Nc4 Qe6 24.Ne3 Rf4 25.Qe2 Nxe4 26.Bxe4 Rxe4 27.Ra7 Rxg2+ 28.Nxg2 Rxe2
29.Rxe2 Qg4 30.Rxb7 Qxe2 31.Rb4 f5  0-1

[Event "Chicago Open"]
[Site "Chicago USA"]
[Date "2004.05.31"]
[Round "7"]
[White "Airapetian,C"]
[Black "Muhammad,S"]
[Result "1-0"]
[WhiteElo "2092"]
[BlackElo "2378"]

1.e4 e5 2.Nf3 Nc6 3.Bb5 a6 4.Ba4 Nf6 5.O-O b5 6.Bb3 Bb7 7.Re1 Bc5 8.c3 d6
9.d4 Bb6 10.Bg5 h6 11.Bh4 g5 12.Bg3 O-O 13.dxe5 Nxe5 14.Nxe5 dxe5 15.Nd2 Qe7
16.a4 Rad8 17.Qe2 Rd6 18.axb5 axb5 19.Nf3 Nxe4 20.Nxe5 Bxf2+ 21.Bxf2 Rd2
22.Qxb5 c6 23.Qc4 Nd6 24.Qc5 Qf6 25.Bd4 Nf5 26.Qxf8+  1-0

[Event "TCh-BIH"]
[Site "Neum BIH"]
[Date "2004.06.05"]
[Round "8"]
[White "Leventic,I"]
[Black "Atalik,S"]
[Result "1/2-1/2"]
[WhiteElo "2485"]
[BlackElo "2554"]

1.e4 e5 2.Nf3 Nc6 3.Bb5 a6 4.Ba4 Nf6 5.O-O b5 6.Bb3 Bb7 7.Re1 Bc5 8.c3 O-O
9.a4 h6 10.d4 Bb6 11.Nbd2 exd4 12.cxd4 Nxd4 13.Nxd4 Bxd4 14.e5 Nh7 15.Nf3 Bxf3
16.Qxd4 Bc6 17.Qg4 Kh8 18.Bc2 Qe7 19.Qh5 Qe6 20.Bf5 Qd5 21.Be4 Qc4 22.Bxc6 Qxc6
23.axb5 axb5 24.Rxa8 Qxa8 25.Qf5 Qd5 26.Qc2 Rc8 27.f4 d6 28.exd6 Qxd6 29.Qf5 Rd8
30.Qxb5 Nf6 31.h3 Qd4+ 32.Be3 Qe4 33.Bd2  1/2-1/2

[Event "VI Comunic CXSP"]
[Site "Sao Paulo BRA"]
[Date "2004.06.22"]
[Round "9"]
[White "Marrero,Y"]
[Black "Fernandez,D"]
[Result "0-1"]
[WhiteElo "2271"]
[BlackElo "2317"]

1.e4 e5 2.Nf3 Nc6 3.Bb5 a6 4.Ba4 Nf6 5.O-O b5 6.Bb3 Bb7 7.Ng5 d5 8.exd5 Nxd5
9.Nxf7 Kxf7 10.Qf3+ Ke6 11.Nc3 Nd4 12.Qg4+ Kd6 13.Bxd5 Bxd5 14.Nxd5 Kxd5
15.c3 h5 16.Qd1 Nf5 17.d4 e4 18.f3 e3 19.Qd3 Nd6 20.Bxe3 Qf6 21.b3 Re8 22.a4 Qf5
23.Qd2 Ke6 24.axb5 axb5 25.Ra7 Kd7 26.Bf4 Be7 27.Rfa1 Rhf8 28.Be5 Bg5 29.Qe2 Rb8
30.Bxg7 Rf7 31.Be5 h4 32.h3 Bf4 33.R1a6 Qb1+ 34.Kf2 Bg3+ 35.Bxg3 Ne4+ 36.Qxe4 Qxe4
37.Bxc7 Rb7 38.Bd6 Qc2+ 39.Kg1 Rxa7 40.Rxa7+ Kxd6 41.Rxf7 Qxc3 42.Rf6+ Ke7
43.Rf5 Qxb3 44.Re5+ Kf6 45.Kf2 b4 46.Rb5 Qd3 47.Rb6+ Kf5 48.g4+ hxg3+ 49.Kxg3 Qxd4
50.Rb5+ Qe5+ 51.Rxe5+ Kxe5  0-1

[Event "ch-NED"]
[Site "Leeuwarden NED"]
[Date "2004.06.30"]
[Round "1"]
[White "Van den Doel,E"]
[Black "Van der Wiel,J"]
[Result "1/2-1/2"]
[WhiteElo "2599"]
[BlackElo "2526"]

1.e4 e5 2.Nf3 Nc6 3.Bb5 a6 4.Ba4 Nf6 5.O-O b5 6.Bb3 Bb7 7.c3 Nxe4 8.d4 Na5
9.Bc2 exd4 10.Nxd4 Ng5 11.a4 c5 12.Qe2+ Ne6 13.Nxe6 dxe6 14.axb5 axb5 15.Na3 Qd5
16.f3 c4 17.Nxb5 Bc5+ 18.Kh1 Qc6 19.Nd4 Qb6 20.Ba4+ Kf8 21.Be3 h5 22.Qf2 Kg8
23.Nf5 Bxe3 24.Qxe3 Qc7 25.Nd4 h4 26.Bc2 h3 27.g4 e5 28.Nf5 g6 29.Qg5 Re8
30.Rad1 Kf8 31.Qf6 Rh7 32.Ne3 Qe7 33.Qxe7+ Rxe7 34.Nd5 Re6 35.Nc7 Rf6 36.Nd5 Rd6
37.Be4 Kg7 38.g5 Rh8 39.Nf6 Rxd1 40.Rxd1 Bxe4 41.fxe4 Nc6 42.Kg1 Nd8 43.Rd5 Ne6
44.Rxe5 Rb8 45.Kf2 Rxb2+ 46.Kg3 Rg2+ 47.Kxh3 Rxg5 48.Ng4 Rxe5 49.Nxe5 Ng5+
50.Kg4 Nxe4 51.Nxc4 Nxc3 52.Nd6 Nd5 53.h4 Nf6+ 54.Kg5 Nh5 55.Kg4 Kf6 56.Kf3 Ke6
57.Ne4 Ke5 58.Ng5 f6 59.Nf7+ Kf5 60.Nd6+ Ke6 61.Ne4 Kd5 62.Nc3+ Ke5 63.Ne2 Ng7
64.Nf4 Kf5 65.Nd5 Ke6 66.Nf4+ Kf7 67.Kg4 Ne6 68.Nd5 Kg7 69.Ne7 Kf7 70.Nd5 f5+
71.Kf3 Kg7 72.Kg3 Kh6 73.Nf6 Nc7 74.Kf4 Kg7 75.Ke5 Kf7  1/2-1/2

[Event "32nd World Open"]
[Site "Philadelphia USA"]
[Date "2004.07.06"]
[Round "9"]
[White "Dunne,A"]
[Black "Muhammad,S"]
[Result "0-1"]
[WhiteElo "2198"]
[BlackElo "2378"]

1.e4 e5 2.Nf3 Nc6 3.Bb5 a6 4.Ba4 Nf6 5.O-O b5 6.Bb3 Bb7 7.Re1 Bc5 8.c3 d6
9.d4 Bb6 10.a4 h6 11.axb5 axb5 12.Rxa8 Qxa8 13.Na3 O-O 14.d5 Na5 15.Be3 Bxe3
16.Rxe3 Nxb3 17.Qxb3 Nxe4 18.Nxb5 Bxd5 19.c4 Nc5 20.Qa3 Bxf3 21.Rxf3 Qe4
22.h3 Ne6 23.Qd3 Qe1+ 24.Qf1 Qd2 25.b3 Ra8 26.Kh2 Ra2 27.Qb1 Ng5 28.Rf5 g6
29.Rf6 Kg7  0-1

[Event "22nd Open"]
[Site "Andorra la Vella AND"]
[Date "2004.07.09"]
[Round "7"]
[White "Cheparinov,I"]
[Black "Solleveld,Maa"]
[Result "1/2-1/2"]
[WhiteElo "2567"]
[BlackElo "2486"]

1.e4 e5 2.Nf3 Nc6 3.Bb5 a6 4.Ba4 Nf6 5.O-O b5 6.Bb3 Bb7 7.c3 Nxe4 8.d4 Na5
9.Nxe5 Nxb3 10.Qxb3 Nd6 11.a4 Be7 12.Re1 O-O 13.Nd2 Bg5 14.Ndf3 Bxc1 15.Raxc1 Rb8
16.axb5 axb5 17.d5 Re8 18.Rcd1 Ba8 19.Qa2 Re7 20.h3 Qf8 21.Qa7 Rc8 22.Qc5 f6
23.Nd3 Rxe1+ 24.Rxe1 c6 25.Nd4 cxd5 26.Qb4 Bc6 27.Ra1 Nc4 28.Qxf8+ Kxf8 29.Ra7 g6
30.f3 h5 31.h4 g5 32.hxg5 fxg5 33.b3 Nd6 34.Ne5 Bb7 35.Nxd7+ Ke8 36.Nf6+ Kf8
37.Nxb5 Nxb5 38.Rxb7 Nxc3 39.Nh7+ Ke8 40.Nf6+ Kf8 41.Kf2 d4 42.Nh7+ Ke8 43.Nf6+ Kf8
44.b4 Ra8 45.Nh7+ Ke8 46.Nf6+ Kf8  1/2-1/2